000 01622am a2200469a 44500
003 AR-BaBNM
005 20251128210320.0
008 199119s1972 #AR|||||||||||000 | esp||
040 _cAR-BaBNM
245 1 0 _aNuevas universidades para un nuevo país
_bla juventud determinante del cambio por la capacitación
250 _a1ª ed.
260 _aBuenos Aires
_bEstrada
_c1972
300 _a175 p.
490 0 _aBiblioteca de ciencias de la educación
610 2 4 _aUniversidad Nacional de Rio Cuarto
610 2 4 _aUniversidad Nacional de Córdoba [Argentina]
610 2 4 _aUniversidad de Buenos Aires
610 2 4 _aUniversidad Nacional de La Plata
610 2 4 _aUniversidad Nacional del Litoral
610 2 4 _aUniversidad Nacional de Tucumán
610 2 4 _aUniversidad Nacional de Cuyo
610 2 4 _aUniversidad Nacional del Sur [Argentina]
610 2 4 _aUniversidad Nacional del Nordeste [Argentina]
610 2 4 _aUniversidad Tecnológica Nacional [Argentina]
610 2 4 _aUniversidad Nacional de Rosario [argentina]
610 2 4 _aUniversidad Nacional del Comahue
650 4 _aUNIVERSIDADES ESTATALES
650 4 _aPLANIFICACION DE LA UNIVERSIDAD
650 4 _aPAPEL DE LA UNIVERSIDAD
651 4 _aArgentina
653 _aEDUCACION SUPERIOR
653 _aCREACION DE UNIVERSIDADES
653 _aHISTORIA DE LA UNIVERSIDAD
653 _aPOLITICAS UNIVERSITARIAS
700 1 _aTaquini, Alberto Carlos
700 1 _aUrgoiti, Enrique J.
700 1 _aRifé, Sadi Ubaldo
700 1 _aCea, Rosa Marta de
800 1 _aZanotti, Luis Jorge
942 _cBK
998 _cRaquel
999 _c14922
_d14922